Statistiques concernant objets royaux reçu lors du sacre par signification

Cliquez ici pour prendre le quiz!

Statistiques générales

  • Ce quiz a été pris 9 fois
  • Le résultat moyen est 5 sur 8

Statistiques - réponses

signification objets royaux % Correct
Chef militaire, défenseur du royaume et de l'EgliseL'épée
100%
Suzerain, le roi est le seigneur de tous les noblesle sceptre
89%
Suzerain, le roi est le seigneur de tous les noblesla couronne
89%
Caractère divin du pouvoir royal: la fleur de lys est symbole de pureté et le manteau est celui du grand prêtre de la BibleLe manteau bleu brodé de fleurs de lys d'or
78%
Mariage du roi avec son royaumel'anneau d'or
67%
Juge suprêmela main de justice
56%
Symbole de chevalerieles éperons d'or
56%
Chef des chevaliers qui défendent l'Eglisele collier de l'ordre du Saint-Esprit
11%

Distribution des résultats

Percentile by Number Answered

% des personnes avec chaque résultat

Votre développement - résultats

Vous n’avez pas pris ce quiz